000 00199nam a22000857a 4500
999 _c23738
_d23738
005 20250212123214.0
008 250212b ||||| |||| 00| 0 eng d
040 _csk
245 _aHovoria o nich pramene III